Temas de derecho espacial /
Guardado en:
| Autor Principal: | |
|---|---|
| Autor Corporativo: | |
| Formato: | Libro |
| Idioma: | Spanish |
| Publicado: |
Mar del Plata :
Suárez,
1997.
|
| Etiquetas: |
Agregar Etiqueta
Sin Etiquetas, Sea el primero en etiquetar este registro!
|
| LEADER | 00511nam a22001335a 4500 | ||
|---|---|---|---|
| 001 | DER.der000567 | ||
| 008 | 180615s1997####ag#||||||||||||||#||spa|| | ||
| 005 | 20211214114714.0 | ||
| 245 | 1 | 0 | |a Temas de derecho espacial / |c Graciela Arrola de Galandrini ; prologado por Manuel Augusto Ferrer (h). |
| 260 | |a Mar del Plata : |b Suárez, |c 1997. | ||
| 300 | |a 246 p. | ||
| 100 | 1 | |a Arrola de Galandrini, Graciela | |
| 710 | 2 | |a Universidad Nacional de Mar del Plata |b Facultad de derecho | |
| 859 | |a DERECHO |b BIB. DERECHO |h 343.097 9 |i ARR |p 000653 |t 1 | ||
